000
00284nam a2200109Ia 4500
008
200302s9999 xx 000 0 und d
100
_a
Barnsley
245
_a
Spons Building Costs Guide For Educational Premises - 2Nd Edition
260
_b
E & FN Spon
260
_c
1999
300
_a
277 P
999
_c
4855
_d
4855